| 000 | 01038nam a2200253Ia 4500 | ||
|---|---|---|---|
| 008 | 191130s2009##################000#0#eng## | ||
| 020 | _a9783039116607 | ||
| 022 | _a2009028927 | ||
| 040 |
_aACL _cACL |
||
| 082 | _a420.9 OST | ||
| 100 | _aTieken-Boon van Ostade, Ingrid | ||
| 245 |
_aCurrent issues in late modern English _cIngrid Tieken-Boon van Ostade & Wim van der Wurff (eds) |
||
| 260 |
_aBern _bPeter Lang _c2009 |
||
| 300 | _a436 p. : ill. ; 23 cm | ||
| 500 | _aPapers presented at the 3rd International Conference on Late Modern English, held at the University of Leiden in 2007. Includes bibliographical references | ||
| 650 | _aEnglish language - 18th century - Congresses | ||
| 650 | _aEnglish language - 19th century - Congresses | ||
| 650 | _aEnglish language - 20th century - Congresses | ||
| 700 | _aWurff, Wim van der | ||
| 710 | _aInternational Conference on Late Modern English (3rd : 2007 : University of Leiden) | ||
| 990 | _afefbc99bac10000c7d1699c04ad52e7c | ||
| 991 | _a387597 | ||
| 999 |
_c143342 _d143342 |
||